Statistiche per Ricostruisci la Carriera del Calciatore - Luis Muriel

Clicka qui per fare il quiz!

Statistiche generali

  • Questo quiz è stato fatto 2 volte
  • Il punteggio medio è 6 su 9

Statistiche sulle risposte

HintRisposta% Corretto
2019-2024 Atalanta
100%
2009-2010 Deportivo Cali
100%
2019Fiorentina
100%
2024- Orlando City
100%
2011-2012Lecce
50%
2015-2017 Sampdoria
50%
2012-2015 Udinese
50%
2010-2011Granada
0%
2017-2019 Siviglia
0%

Distribuzione punteggi

Percentile per numero di risposta

Percentuale di utenti per punteggio

I tuoi punteggi nel tempo

Non hai fatto questo quiz